000
00293nam a22001337a 4500
008
170527b xxu||||| |||| 00| 0 eng d
020
_a
3540176632
041
_a
eng
080
_a
621.3
100
_a
27
101
_a
im
245
_a
DESIGN OF VLSI CIRCUITS
_c
SCHLOER, C.M
942
_2
udc
_c
BK
999
_c
14695
_d
14695